G22-青兰高速公路途径行政区 - Statistics

General Stats
  • This quiz has been taken 14 times
    13 since last reset
  • The average score is 15 of 19
Answer Stats
Answer % Correct
青岛
100%
淄博
100%
济南
100%
潍坊
91%
临沂
91%
泰安
91%
邯郸
82%
临汾
82%
延安
82%
庆阳
82%
平凉
82%
济南
73%
聊城
73%
长治
73%
固原
73%
平凉
64%
白银
64%
定西
64%
兰州
64%
No matching quizzes found
Score Distribution
Percent of People with Each Score
Percentile by Number Answered
Your Score History
You have not taken this quiz since the last reset